000 00912nam a22002537a 4500
003 0
005 20160609165647.0
008 100728t xxu||||| |||| 00| 0 eng d
040 _aBUAC
_cBENEAM
041 _aFr
100 _aHOUNKPE, Hélène
_97554
110 _aFECECAM (BENIN)
_97555
245 _aCondition d'une gestion efficace des crédits aux salariés par le STE de FECECAM-BENIN.
_c / Hélène, HOUNKPE, Olivier, NOUKPOKINNOU.
260 _aCOTONOU:
_bENEAM,
_c2009.
300 _a54 p.
500 _aMémoire de fin de formation du cycle I (ENEAM), pour l'obtention du Diplôme de Technicien Supérieur (DTS).
501 _aMémoire publié avec sa version électronique.
504 _aComprend: bibliogr.
600 _aNOUKPOKINNOU, Damienne
_97556
650 _aGESTION DES BANQUES
_97557
650 _aGESTION DES CREDITS
_97558
650 _aCREDITS AUX SALARIES
_97559
942 _cTHE
999 _c47436
_d47436